| 000 | 00965nam2a2200241 4500 | ||
|---|---|---|---|
| 001 | rc\2662786 | ||
| 005 | 20260315043818.0 | ||
| 035 | _a(NLR Aleph) 006969551 | ||
| 090 |
_a13566341 _c13566341 |
||
| 100 | _a20110617d1927 u y0rusy50 ca | ||
| 101 | 0 | _arus | |
| 102 | _aRU | ||
| 105 | _ay z ||||| | ||
| 200 | 1 | _aСеверо-Двинский тероцефал Anna Petri gen. sp. nov. | |
| 210 | _d1927 | ||
| 461 | 0 |
_1001rc\2662781 _12001#$aСеверо-Двинские роскопки проф. В.П. Амалицкого$eIII-$fАкад. наук СССР$v5 _95426388 _cЛенинград _d1921-1931 _fАкад. наук СССР _nИзд-во Акад. наук СССР _oIII- _tСеверо-Двинские роскопки проф. В.П. Амалицкого _v5 |
|
| 700 | 1 |
_aАмалицкий _bВ.П. |
|
| 801 | 0 |
_aRU _bNLR _gpsbo |
|
| 801 | 1 |
_aRU _bELAR _2rusmarc |
|
| 852 |
_aNLR _j37.59.2.59 |
||
| 852 |
_aNLR _j31-19/381 |
||
| 942 | _cUNSPEC | ||
| 980 | _aNB | ||